Word Ladder: Pick Up Lines Quiz Stats

 Plays Quiz Updated Jan 25, 2016

Challenge
Share
Tweet
Embed
Score 0/30 Timer 03:00
0 Plays Today
Clue 4-Letter Word % Correct
Ready, aim, ____FIRE
95.9%
Green citrus fruitLIME
95.1%
⊚ Chauffeur's vehicle ⊚⊚ LIMO ⊚
93.6%
'Person of the Year' magazineTIME
92.9%
⊚ Elevator, to a Brit ⊚⊚ LIFT ⊚
91.1%
Opposite of 'mini'MAXI
90.1%
⊚ Smartphone programs ⊚⊚ APPS ⊚
89.7%
⊚ Byron poem: '____ Thee Well' ⊚⊚ FARE ⊚
88.5%
What a filly matures intoMARE
88.2%
Large, heavy bookTOME
88.1%
King Kong's brethrenAPES
87.6%
⊚ '70s TV series with DeVito, Danza ⊚⊚ TAXI ⊚
87.3%
'Three' in TijuanaTRES
86.9%
Bradley, Brady, and Brokaw, e. g.TOMS
86.2%
Greek god of warARES
85.8%
Clue 4-Letter Word % Correct
⊚ Put on the company's rolls ⊚⊚ HIRE ⊚
85.3%
Pedal digitsTOES
84.6%
Reptiles associated with CleopatraASPS
83.3%
Niger neighborMALI
82.7%
Animal skinHIDE
81.8%
Rooster, reynard, or ram, e. g. MALE
81.4%
Government mail serviceUSPS
78.2%
⊚ Astronaut Sally ⊚⊚ RIDE ⊚
77%
Common flooring material, for shortLINO
73%
Fissure or crevasseRIFT
72.9%
TeemingRIFE
70.1%
Navel blockade?LINT
69.8%
Duct tape has dozens of theseUSES
67.2%
'Sharing economy' alternative to 1st rung⊚ UBER ⊚
51.9%
It puts the 'U' in 'EULA'USER
50.1%

Today's Daily Dose

You're not logged in!

Compare scores with friends on all Sporcle quizzes.
Join for Free
OR
Log In

You Might Also Like...

Show Comments

Extras

Top Quizzes Today


Score Distribution

Your Account Isn't Verified!

In order to create a playlist on Sporcle, you need to verify the email address you used during registration. Go to your Sporcle Settings to finish the process.

Report this User

Report this user for behavior that violates our Community Guidelines.

Details: